| 000 | 00914nas a2200277 4500 | ||
|---|---|---|---|
| 001 | BR0000487 | ||
| 003 | BR-BrBNA | ||
| 005 | 20231205101701.0 | ||
| 007 | ta | ||
| 008 | 230509b bl.|||p| |||| 00| 00por d | ||
| 040 |
_aBR-BrBNA _bpor _cBiblioteca Nacional de Agricultura |
||
| 041 | _a(Pt) | ||
| 072 | _aL72 | ||
| 100 | 1 | _aMognato, C.M. | |
| 100 | 1 | _aSantos, M.J.P. | |
| 100 | 1 | _aCarraro, V.M. | |
| 100 | 1 | _aBorja, G.E.M. | |
| 245 | 1 | _aDesenvolvimento pre-imaginal, longevidade e potencial reprodutivo de Lucilia cuprina (Wiedemann, 1830)(Diptera: Calliphoridae)em condicoes de laboratorio | |
| 650 | _aMosca Varejeira | ||
| 650 | _aMiiase | ||
| 650 | _aLongevidade | ||
| 650 | _aRio de Janeiro | ||
| 773 | 0 |
_tRevista Brasileira de Medicina Veterinaria (Brazil) _xISSN 0100-2430 _g(Jul-Aug 1999), v. 21(4) p. 159-164 _wBR0000487 |
|
| 909 |
_a202311 _bLúcia _c55 _dLúcia Elande |
||
| 942 |
_2AGRIS _n0 _cANA |
||
| 999 |
_c163248 _d163248 |
||